| 000 | 00933cab a2200265 4500 | ||
|---|---|---|---|
| 001 | WB3408-40 | ||
| 008 | 090401t1998 xxu||||| |||| 00| 0 eng d | ||
| 035 | _a(Sirsi) u84458 | ||
| 041 | _aeng | ||
| 245 | _aEU farm plan likely to disappoint reformers | ||
| 260 | _c1998 | ||
| 350 | _a0 | ||
| 490 |
_aFinancial Times _v24 February 1998, 2(1) |
||
| 520 | _aProposals by the European Commission would mean that farmers claims for up to 100,000 ecu (£66,400) in direct aid payments would be met in full. The Commission also wants to give member states the authority to allocate up to 30 per cent of aid payments in the beef and dairy sectors. | ||
| 650 | _aAGRICULTURAL SUBSIDIES | ||
| 650 | _aAID | ||
| 650 | _aCAP REFORM | ||
| 650 | _aCOMMON AGRICULTURAL POLICY | ||
| 650 | _aEUROPEAN COMMISSION | ||
| 650 | _aREFORM | ||
| 650 | _aSUPPORT PRICES | ||
| 690 | _aRURAL PRACTICE | ||
| 942 | _n0 | ||
| 948 | _c24/02/1998 | ||
| 999 |
_c53075 _d53075 |
||